US States with the most sex offenders - Statistics

General Stats
  • This quiz has been taken 58 times
  • The average score is 8 of 10
Answer Stats
Number of Sex Offenders Answer % Correct
32,257 New York
100%
69,654 Florida
98%
106,216 California
94%
66,587 Texas
90%
21,297 Illinois
80%
19,724 Georgia
76%
47,329 Michigan
72%
20,758 Washington
70%
23,598 Oregon
68%
21,871 Wisconsin
44%
No matching quizzes found
Score Distribution
Percent of People with Each Score
Percentile by Number Answered
Your Score History
You have not taken this quiz